[Event "UK Blitz Championship"]
[Site "Leamington"]
[Date "2025.11.22"]
[Round "6.1"]
[White "D'Costa, Lorin AR"]
[Black "Maroroa Jones, Gawain C B"]
[Result "0-1"]
[WhiteElo "2349"]
[BlackElo "2663"]
[PlyCount "94"]
[EventDate "2025.11.22"]
[EventType "tourn (blitz)"]
[EventRounds "15"]
[EventCountry "GBR"]
[SourceTitle "BritBase"]
[Source "John Saunders"]
[SourceDate "2025.11.23"]
[SourceVersion "1"]
[SourceVersionDate "2025.11.23"]
[SourceQuality "1"]

1. Nf3 Nf6 2. c4 d6 3. Nc3 e5 4. g3 g6 5. b3 e4 6. Nd4 Bg7 7. Bb2 Ng4 8. e3 O-O 9. Bg2 Re8 10. h3 Nf6 11. d3 exd3 12. Qxd3 Nbd7 13. O-O Nc5 14. Qc2 c6 15. Rad1 Qe7 16. Rfe1 h5 17. b4 Nce4 18. Nxe4 Nxe4 19. Nf3 Nf6 20. Bd4 Bf5 21. Qb2 Be4 22. Nh4 Bxg2 23. Nxg2 a5 24. b5 a4 25. Nf4 a3 26. Qa1 Red8 27. Kg2 Ne8 28. Bxg7 Nxg7 29. e4 Ne6 30. Nd5 cxd5 31. exd5 Nf4+ 32. gxf4 Qh4 33. Qd4 Re8 34. Re3 Rxe3 35. Qxe3 Qf6 36. Rd4 Kh7 37. Kg3 Rc8 38. Qd3 Re8 39. Re4 Rxe4 40. Qxe4 Qa1 41. Qc2 Qb2 42. Qe4 Qxa2 43. f5 Qb3+ 44. Kh4 Qc3 45. fxg6+ fxg6 46. Qe7+ Qg7 47. Qxd6 a2 0-1

[Event "UK Blitz Championship"]
[Site "Leamington"]
[Date "2025.11.22"]
[Round "6.2"]
[White "Collins, Adam"]
[Black "Gasanov, Eldar"]
[Result "1/2-1/2"]
[WhiteElo "2271"]
[BlackElo "2425"]
[PlyCount "62"]
[EventDate "2025.11.22"]
[EventType "tourn (blitz)"]
[EventRounds "15"]
[EventCountry "GBR"]
[SourceTitle "BritBase"]
[Source "John Saunders"]
[SourceDate "2025.11.23"]
[SourceVersion "1"]
[SourceVersionDate "2025.11.23"]
[SourceQuality "1"]

1. e4 c5 2. Nf3 Nc6 3. Bb5 Nf6 4. Nc3 Qc7 5. O-O a6 6. Bxc6 dxc6 7. h3 e5 8. d3 Bd6 9. a4 a5 10. Be3 Nd7 11. Nd2 Nf8 12. Nc4 Ne6 13. Qd2 O-O 14. Nxd6 Qxd6 15. f4 exf4 16. Bxf4 Nxf4 17. Qxf4 Qd4+ 18. Qf2 Qxf2+ 19. Rxf2 Be6 20. b3 Rad8 21. Nd1 f5 22. exf5 Rxf5 23. Rxf5 Bxf5 24. Ne3 Be6 25. Rf1 Rf8 26. Rf2 Re8 27. Rf3 g6 28. Kf2 Kg7 29. Rf4 Rd8 30. Nc4 Bxc4 31. Rxc4 b6 1/2-1/2

[Event "UK Blitz Championship"]
[Site "Leamington"]
[Date "2025.11.22"]
[Round "6.3"]
[White "Vijayakumar, Rishi"]
[Black "Banerjee, Supratit"]
[Result "1-0"]
[WhiteElo "2399"]
[BlackElo "2327"]
[PlyCount "137"]
[EventDate "2025.11.22"]
[EventType "tourn (blitz)"]
[EventRounds "15"]
[EventCountry "GBR"]
[SourceTitle "BritBase"]
[Source "John Saunders"]
[SourceDate "2025.11.23"]
[SourceVersion "1"]
[SourceVersionDate "2025.11.23"]
[SourceQuality "1"]

1. d4 Nf6 2. c4 g6 3. h4 Bg7 4. Nc3 d6 5. e4 Nc6 6. d5 Ne5 7. Be2 h5 8. Nf3 Nxf3+ 9. gxf3 e5 10. Bg5 O-O 11. Qd2 a6 12. Kf1 Qe8 13. Kg2 Nh7 14. Bh6 Qe7 15. Bxg7 Kxg7 16. Rag1 Qf6 17. Nd1 Bd7 18. b4 b5 19. c5 a5 20. c6 Bc8 21. bxa5 Ba6 22. a3 Rfb8 23. Ne3 Qf4 24. Kf1 Kh8 25. Qb4 Nf6 26. Rg5 Nh7 27. Rgg1 Bc8 28. Rg3 Nf6 29. Kg2 Nh7 30. Bxb5 Ba6 31. a4 Nf8 32. Nc4 Nh7 33. Ne3 Nf6 34. Nc4 Nh7 35. Qb2 Nf6 36. Rgh3 Bxb5 37. axb5 Nxe4 38. Qc1 Qxc1 39. Rxc1 Nc5 40. b6 Nd3 41. Rc3 Nf4+ 42. Kg3 Nxh3 43. Kxh3 Ra6 44. bxc7 Rc8 45. Nxd6 Rxc7 46. Nb5 Rc8 47. Nd6 Rc7 48. Nb5 Rc8 49. c7 Rxa5 50. d6 Rxb5 51. d7 Rxc7 52. Rxc7 Rd5 53. Rc8+ Kg7 54. d8=Q Rxd8 55. Rxd8 Kf6 56. Rd1 Kf5 57. Re1 Kf4 58. Kg2 f6 59. Re4+ Kf5 60. Ra4 Ke6 61. f4 exf4 62. Rxf4 Ke5 63. Ra4 Kf5 64. Kf3 g5 65. Ra5+ Kg6 66. Kg3 Kh6 67. Ra6 Kg6 68. hxg5 Kxg5 69. Ra5+ 1-0

[Event "UK Blitz Championship"]
[Site "Leamington"]
[Date "2025.11.22"]
[Round "6.4"]
[White "Gormally, Daniel W"]
[Black "Balaji, Aaravamudhan"]
[Result "1-0"]
[WhiteElo "2485"]
[BlackElo "2379"]
[PlyCount "69"]
[EventDate "2025.11.22"]
[EventType "tourn (blitz)"]
[EventRounds "15"]
[EventCountry "GBR"]
[SourceTitle "BritBase"]
[Source "John Saunders"]
[SourceDate "2025.11.23"]
[SourceVersion "1"]
[SourceVersionDate "2025.11.23"]
[SourceQuality "1"]

1. d4 g6 2. e4 Bg7 3. Nc3 d6 4. Be3 a6 5. h4 h6 6. Qd2 b5 7. a4 b4 8. Nce2 Nf6 9. Ng3 Ng4 10. Bc4 Nxe3 11. fxe3 O-O 12. Nf3 Nc6 13. h5 g5 14. Nf5 Bxf5 15. exf5 d5 16. Bd3 Qd6 17. O-O e5 18. fxe6 fxe6 19. Nh2 e5 20. c3 bxc3 21. bxc3 e4 22. Be2 Ne7 23. c4 c6 24. cxd5 cxd5 25. Bg4 Rab8 26. Rxf8+ Bxf8 27. Rf1 Rb3 28. Qf2 Rb8 29. Qf7+ Kh8 30. Be6 Bg7 31. Ng4 Rf8 32. Qxf8+ Bxf8 33. Rxf8+ Kg7 34. Rf7+ Kh8 35. Nf6 1-0

[Event "UK Blitz Championship"]
[Site "Leamington"]
[Date "2025.11.22"]
[Round "6.5"]
[White "Czopor, Maciej"]
[Black "Wells, Peter K"]
[Result "1/2-1/2"]
[WhiteElo "2377"]
[BlackElo "2384"]
[PlyCount "128"]
[EventDate "2025.11.22"]
[EventType "tourn (blitz)"]
[EventRounds "15"]
[EventCountry "GBR"]
[SourceTitle "BritBase"]
[Source "John Saunders"]
[SourceDate "2025.11.23"]
[SourceVersion "1"]
[SourceVersionDate "2025.11.23"]
[SourceQuality "1"]

1. e4 c6 2. Nc3 d5 3. Nf3 Bg4 4. Be2 e6 5. d4 dxe4 6. Nxe4 Nd7 7. h3 Bh5 8. O-O Ngf6 9. Ng3 Bg6 10. Bf4 Nd5 11. Bd2 Bd6 12. c4 Nf4 13. Bxf4 Bxf4 14. Bd3 Bxg3 15. fxg3 O-O 16. Bxg6 hxg6 17. Qe2 c5 18. dxc5 Qa5 19. Kh2 Qxc5 20. Rad1 Rad8 21. b3 Qc7 22. Rd2 Nf6 23. Rfd1 Rxd2 24. Rxd2 Rd8 25. Qe5 Qc8 26. Rxd8+ Qxd8 27. c5 Nd5 28. a3 a5 29. Ng5 Qc7 30. Qxc7 Nxc7 31. Ne4 Na6 32. g4 f5 33. Nd6 Nxc5 34. b4 axb4 35. axb4 Nd3 36. Nxb7 Nxb4 37. Nd8 e5 38. Kg3 Nd5 39. Nc6 e4 40. Nd4 f4+ 41. Kf2 Kf7 42. h4 Nf6 43. g5 Nd5 44. g3 fxg3+ 45. Kxg3 Ne7 46. Kf4 Nf5 47. Nc6 e3 48. Ne5+ Ke6 49. Nd3 e2 50. Kf3 Nd4+ 51. Ke3 Nf5+ 52. Kxe2 Nxh4 53. Kf2 Kf5 54. Kg3 Kxg5 55. Nc5 Nf5+ 56. Kf3 Kh5 57. Kf4 Nd6 58. Ne6 Kh6 59. Kg4 Nf7 60. Kf4 g5+ 61. Kg4 Kg6 62. Nf8+ Kf6 63. Nh7+ Ke5 64. Nxg5 Nxg5 1/2-1/2

[Event "UK Blitz Championship"]
[Site "Leamington"]
[Date "2025.11.22"]
[Round "6.6"]
[White "Waldhausen Gordon, Frederick"]
[Black "Kozusek, Daniel"]
[Result "1-0"]
[WhiteElo "2406"]
[BlackElo "2316"]
[PlyCount "85"]
[EventDate "2025.11.22"]
[EventType "tourn (blitz)"]
[EventRounds "15"]
[EventCountry "GBR"]
[SourceTitle "BritBase"]
[Source "John Saunders"]
[SourceDate "2025.11.23"]
[SourceVersion "1"]
[SourceVersionDate "2025.11.23"]
[SourceQuality "1"]

1. e4 c6 2. d4 d5 3. exd5 cxd5 4. Bd3 Nf6 5. h3 Nc6 6. c3 g6 7. Bf4 Bf5 8. Bxf5 gxf5 9. Nd2 e6 10. g4 Bd6 11. Qf3 fxg4 12. hxg4 Bxf4 13. Qxf4 Qe7 14. Ngf3 O-O-O 15. Rh6 Ng8 16. Rh3 Qf6 17. Qxf6 Nxf6 18. g5 Ne4 19. Nxe4 dxe4 20. Nd2 e5 21. d5 Ne7 22. c4 h6 23. Nxe4 hxg5 24. Rxh8 Rxh8 25. O-O-O Rh4 26. Nd6+ Kd7 27. c5 b6 28. Nxf7 bxc5 29. Nxe5+ Kd6 30. Nf7+ Kd7 31. d6 Nc6 32. Nxg5 Nd4 33. f3 Kxd6 34. Ne4+ Kd5 35. Nd2 Rh2 36. Rf1 Ne2+ 37. Kd1 Nf4 38. Kc2 Ne2 39. f4 Nd4+ 40. Kd1 Nf5 41. Re1 Nd4 42. Re5+ Kc6 43. Nc4 1-0

[Event "UK Blitz Championship"]
[Site "Leamington"]
[Date "2025.11.22"]
[Round "6.7"]
[White "Ganti, Shriaansh"]
[Black "Badacsonyi, Stanley"]
[Result "0-1"]
[WhiteElo "2126"]
[BlackElo "2447"]
[PlyCount "42"]
[EventDate "2025.11.22"]
[EventType "tourn (blitz)"]
[EventRounds "15"]
[EventCountry "GBR"]
[SourceTitle "BritBase"]
[Source "John Saunders"]
[SourceDate "2025.11.23"]
[SourceVersion "1"]
[SourceVersionDate "2025.11.23"]
[SourceQuality "1"]

1. e4 e5 2. Nf3 Nc6 3. Nc3 Nf6 4. Bc4 Nxe4 5. O-O Nd6 6. Bb3 Be7 7. d4 exd4 8. Nd5 O-O 9. Re1 Bf6 10. Bf4 b6 11. Qd3 Bb7 12. c3 Na5 13. Bc2 g6 14. Nxf6+ Qxf6 15. Be5 Qd8 16. Bxd4 Nc6 17. Be3 Nf5 18. Bg5 f6 19. Bf4 d6 20. h4 Ne5 21. Nd4 Nxd3 0-1

[Event "UK Blitz Championship"]
[Site "Leamington"]
[Date "2025.11.22"]
[Round "6.8"]
[White "Bazakutsa, Svyatoslav"]
[Black "Siva, Mahadevan"]
[Result "1/2-1/2"]
[WhiteElo "2404"]
[BlackElo "2365"]
[PlyCount "125"]
[EventDate "2025.11.22"]
[EventType "tourn (blitz)"]
[EventRounds "15"]
[EventCountry "GBR"]
[SourceTitle "BritBase"]
[Source "John Saunders"]
[SourceDate "2025.11.23"]
[SourceVersion "1"]
[SourceVersionDate "2025.11.23"]
[SourceQuality "1"]

1. b3 e5 2. Bb2 Nc6 3. e3 d5 4. Bb5 Bd6 5. f4 Qh4+ 6. g3 Qe7 7. Nf3 f6 8. Nc3 Be6 9. fxe5 fxe5 10. d4 e4 11. Ne5 Bxe5 12. dxe5 Qg5 13. Qd4 Nge7 14. O-O-O O-O 15. Bxc6 bxc6 16. Qc5 Rae8 17. Kb1 Bg4 18. Rd2 Bf3 19. Re1 a6 20. Na4 Rb8 21. Qa7 Rfc8 22. Qxa6 Ra8 23. Qf1 Ng6 24. Qh3 Bg4 25. Qf1 Rf8 26. Rf2 Nxe5 27. Bxe5 Qxe5 28. Rxf8+ Rxf8 29. Qa6 Qd6 30. Qa5 Rf2 31. Nc5 h5 32. Na6 Rxh2 33. Qxc7 Qxc7 34. Nxc7 Rg2 35. a4 Rxg3 36. a5 Bc8 37. Rh1 g6 38. a6 Rxe3 39. a7 Bb7 40. Rf1 Rf3 41. Rg1 Kh7 42. a8=Q Bxa8 43. Nxa8 h4 44. Nc7 h3 45. Ne6 Kh6 46. Ng5 h2 47. Nxf3 exf3 48. Rh1 Kg5 49. Kc1 Kf4 50. Rxh2 Kg3 51. Rh1 Kg2 52. Rh6 g5 53. Rg6 f2 54. Rxg5+ Kf3 55. Rf5+ Ke2 56. Kb2 c5 57. Kc3 f1=Q 58. Rxf1 Kxf1 59. b4 cxb4+ 60. Kxb4 Ke2 61. Kc5 Kd2 62. Kxd5 Kxc2 63. Ke4 1/2-1/2

[Event "UK Blitz Championship"]
[Site "Leamington"]
[Date "2025.11.22"]
[Round "7.1"]
[White "Siva, Mahadevan"]
[Black "D'Costa, Lorin AR"]
[Result "0-1"]
[WhiteElo "2365"]
[BlackElo "2349"]
[PlyCount "142"]
[EventDate "2025.11.22"]
[EventType "tourn (blitz)"]
[EventRounds "15"]
[EventCountry "GBR"]
[SourceTitle "BritBase"]
[Source "John Saunders"]
[SourceDate "2025.11.23"]
[SourceVersion "1"]
[SourceVersionDate "2025.11.23"]
[SourceQuality "1"]

1. e4 c5 2. Nf3 e6 3. d4 cxd4 4. Nxd4 a6 5. c4 Nf6 6. Nc3 Qc7 7. a3 b6 8. Be3 Bb7 9. f3 d6 10. Be2 Be7 11. Qd2 Nbd7 12. O-O O-O 13. Rac1 Rac8 14. Rfd1 Qb8 15. Bf1 Bd8 16. Qf2 Bc7 17. g4 g6 18. g5 Nh5 19. Bh3 Rfe8 20. Nde2 Ba8 21. a4 Ng7 22. Ng3 Nc5 23. Rc2 Bc6 24. Ra1 b5 25. cxb5 axb5 26. axb5 Bxb5 27. Nxb5 Qxb5 28. Bf1 Qb4 29. Rc4 Qb3 30. Ra3 Qb8 31. b4 Nd7 32. Rac3 Ne5 33. Rd4 Bb6 34. Rxc8 Rxc8 35. b5 Rc3 36. Ne2 Rc2 37. Rd1 Bxe3 38. Qxe3 Ne8 39. Nd4 Rc5 40. f4 Nd7 41. Nc6 Qb6 42. e5 Rxc6 43. Qxb6 Rxb6 44. exd6 Rxd6 45. Rc1 Nb6 46. Kf2 Kf8 47. Bg2 Ke7 48. Bc6 Nc7 49. Ra1 Rd8 50. Ra7 Kd6 51. Rb7 Nbd5 52. Bxd5 exd5 53. b6 Ne6 54. Rxf7 Rd7 55. b7 Rd8 56. Ke3 Rb8 57. Rxh7 Nc5 58. Rg7 Rxb7 59. Rxg6+ Kc7 60. Kd4 Nd7 61. Kxd5 Rb5+ 62. Ke4 Rb4+ 63. Kf3 Kd8 64. h4 Ke7 65. h5 Nf8 66. Ra6 Ne6 67. Ra7+ Kd6 68. Ra6+ Ke7 69. h6 Rxf4+ 70. Kg3 Rf5 71. Ra7+ Kd6 0-1

[Event "UK Blitz Championship"]
[Site "Leamington"]
[Date "2025.11.22"]
[Round "7.2"]
[White "Badacsonyi, Stanley"]
[Black "Bazakutsa, Svyatoslav"]
[Result "1-0"]
[WhiteElo "2447"]
[BlackElo "2404"]
[PlyCount "187"]
[EventDate "2025.11.22"]
[EventType "tourn (blitz)"]
[EventRounds "15"]
[EventCountry "GBR"]
[SourceTitle "BritBase"]
[Source "John Saunders"]
[SourceDate "2025.11.23"]
[SourceVersion "1"]
[SourceVersionDate "2025.11.23"]
[SourceQuality "1"]

1. d4 Nf6 2. Bg5 g6 3. Bxf6 exf6 4. c4 d5 5. cxd5 Qxd5 6. Nc3 Qd8 7. g3 f5 8. Bg2 c6 9. Nf3 Bd6 10. O-O O-O 11. e3 Nd7 12. Rb1 a5 13. a3 Qe7 14. Nd2 Nf6 15. Nc4 Bc7 16. Qc2 Be6 17. Nd2 Bd6 18. Na4 Ba2 19. Rbc1 Bd5 20. Nb6 Bxg2 21. Kxg2 Ra6 22. Qb3 Bc7 23. Na4 Ra7 24. Rc2 Nd5 25. Rfc1 h5 26. h4 Re8 27. Nc3 Nf6 28. d5 Be5 29. dxc6 bxc6 30. Nc4 Bxc3 31. Qxc3 Qe4+ 32. Kg1 Nd5 33. Qd2 Rea8 34. Nd6 Qe6 35. Rxc6 Rd7 36. Nb5 Qe7 37. Nd4 Nf6 38. Rc8+ Rxc8 39. Rxc8+ Kh7 40. Qxa5 Ng4 41. Qc3 Rd8 42. Rc7 Qe8 43. Qc4 Kg8 44. Qc6 Qe5 45. Rc8 Rxc8 46. Qxc8+ Kg7 47. Qc3 Kg8 48. a4 Qe4 49. Qe1 Ne5 50. a5 g5 51. hxg5 h4 52. Qe2 hxg3 53. f3 Qa8 54. b4 Qd5 55. Kg2 f4 56. Nf5 Ng6 57. e4 Qd8 58. Qb2 f6 59. gxf6 Kf7 60. Nh6+ Ke6 61. Ng4 Nh4+ 62. Kh3 Nxf3 63. Qb3+ Kd6 64. Qd3+ Kc7 65. Qxd8+ Kxd8 66. a6 Ng5+ 67. Kg2 Kc7 68. e5 Kb6 69. b5 Ne6 70. Kf3 Ng5+ 71. Kg2 Ne6 72. Nh6 Ka7 73. Nf5 Ng5 74. Nd4 Kb6 75. e6 f3+ 76. Kxg3 Ne4+ 77. Kxf3 Nxf6 78. Kf4 Nd5+ 79. Ke5 Nc7 80. e7 Ne8 81. Ke6 Ka7 82. Kd7 Ng7 83. e8=Q Nxe8 84. Kxe8 Kb6 85. Kd7 Kc5 86. a7 Kxd4 87. a8=Q Kc5 88. Qe4 Kxb5 89. Qc2 Kb4 90. Kd6 Kb5 91. Kd5 Kb4 92. Qb2+ Ka4 93. Kc5 Ka5 94. Qa3# 1-0

[Event "UK Blitz Championship"]
[Site "Leamington"]
[Date "2025.11.22"]
[Round "7.3"]
[White "Kozusek, Daniel"]
[Black "Ganti, Shriaansh"]
[Result "1-0"]
[WhiteElo "2316"]
[BlackElo "2126"]
[PlyCount "61"]
[EventDate "2025.11.22"]
[EventType "tourn (blitz)"]
[EventRounds "15"]
[EventCountry "GBR"]
[SourceTitle "BritBase"]
[Source "John Saunders"]
[SourceDate "2025.11.23"]
[SourceVersion "1"]
[SourceVersionDate "2025.11.23"]
[SourceQuality "1"]

1. d4 Nf6 2. c4 c5 3. d5 e6 4. Nf3 exd5 5. cxd5 d6 6. e4 Be7 7. h3 O-O 8. Nc3 Na6 9. Be2 Nc7 10. a4 Rb8 11. O-O a6 12. a5 Bd7 13. e5 Nfe8 14. Bf4 Nb5 15. Re1 dxe5 16. Nxe5 Bd6 17. Bxb5 Bxb5 18. Ne4 Rc8 19. Qd2 Qc7 20. Nxd6 Nxd6 21. Rac1 Qd8 22. Bg3 Nf5 23. Nf3 Nxg3 24. fxg3 Qd6 25. Kh2 Rfd8 26. Rcd1 Ba4 27. Ra1 Bb3 28. Qc3 Bxd5 29. Rad1 Qc7 30. Re5 Bxf3 31. Rxc5 1-0

[Event "UK Blitz Championship"]
[Site "Leamington"]
[Date "2025.11.22"]
[Round "7.4"]
[White "Wells, Peter K"]
[Black "Waldhausen Gordon, Frederick"]
[Result "0-1"]
[WhiteElo "2384"]
[BlackElo "2406"]
[PlyCount "86"]
[EventDate "2025.11.22"]
[EventType "tourn (blitz)"]
[EventRounds "15"]
[EventCountry "GBR"]
[SourceTitle "BritBase"]
[Source "John Saunders"]
[SourceDate "2025.11.23"]
[SourceVersion "1"]
[SourceVersionDate "2025.11.23"]
[SourceQuality "1"]

1. d4 d5 2. c4 e6 3. Nc3 Nf6 4. Bg5 Nbd7 5. e3 h6 6. Bh4 Be7 7. Nf3 O-O 8. Rc1 c6 9. Bd3 b6 10. O-O Bb7 11. cxd5 exd5 12. Ne5 Nxe5 13. dxe5 Nd7 14. Bg3 Bh4 15. f4 Bxg3 16. hxg3 Qe7 17. Bb1 Ba6 18. Qc2 g6 19. Rfd1 Rfd8 20. e4 d4 21. Rxd4 Nc5 22. Rcd1 Rxd4 23. Rxd4 Rd8 24. Qd2 Nb7 25. Kh2 h5 26. f5 Rxd4 27. Qxd4 h4 28. g4 Qc5 29. Qxc5 Nxc5 30. g5 Nd7 31. e6 fxe6 32. fxe6 Ne5 33. Kh3 Kf8 34. a3 Bc4 35. Kxh4 Bxe6 36. Kg3 Ke7 37. b4 Kd6 38. Kf4 b5 39. Bc2 Bc4 40. Bb1 a6 41. Nd1 Bd3 42. Ba2 Bc4 43. Nf2 Bxa2 0-1

[Event "UK Blitz Championship"]
[Site "Leamington"]
[Date "2025.11.22"]
[Round "7.5"]
[White "Balaji, Aaravamudhan"]
[Black "Czopor, Maciej"]
[Result "1/2-1/2"]
[WhiteElo "2379"]
[BlackElo "2377"]
[PlyCount "56"]
[EventDate "2025.11.22"]
[EventType "tourn (blitz)"]
[EventRounds "15"]
[EventCountry "GBR"]
[SourceTitle "BritBase"]
[Source "John Saunders"]
[SourceDate "2025.11.23"]
[SourceVersion "1"]
[SourceVersionDate "2025.11.23"]
[SourceQuality "1"]

1. Nf3 c5 2. b3 Nc6 3. Bb2 Nf6 4. e3 g6 5. c4 Bg7 6. Be2 O-O 7. O-O b6 8. d4 cxd4 9. Nxd4 Bb7 10. Nd2 Rc8 11. Bf3 Qc7 12. a3 Nxd4 13. Bxd4 Bxf3 14. Qxf3 Qc6 15. Rfd1 d6 16. Rac1 Qxf3 17. Nxf3 Rc6 18. Bb2 Rfc8 19. Kf1 Ne4 20. Bxg7 Kxg7 21. Ke2 a6 22. Nd4 R6c7 23. f3 Nc5 24. Rc3 Nd7 25. Rcd3 Nc5 26. Rc3 Nd7 27. Rcd3 Nc5 28. Rc3 Nd7 1/2-1/2

[Event "UK Blitz Championship"]
[Site "Leamington"]
[Date "2025.11.22"]
[Round "7.6"]
[White "Banerjee, Supratit"]
[Black "Gormally, Daniel W"]
[Result "1-0"]
[WhiteElo "2327"]
[BlackElo "2485"]
[PlyCount "117"]
[EventDate "2025.11.22"]
[EventType "tourn (blitz)"]
[EventRounds "15"]
[EventCountry "GBR"]
[SourceTitle "BritBase"]
[Source "John Saunders"]
[SourceDate "2025.11.23"]
[SourceVersion "1"]
[SourceVersionDate "2025.11.23"]
[SourceQuality "1"]

1. e4 c5 2. Nf3 d6 3. d4 cxd4 4. Nxd4 Nf6 5. Nc3 Nc6 6. Bc4 Qb6 7. Nxc6 bxc6 8. b3 e6 9. O-O Be7 10. Qf3 O-O 11. Bb2 Ba6 12. Na4 Qb7 13. Bxa6 Qxa6 14. e5 dxe5 15. Bxe5 Rfd8 16. c4 Nd7 17. Bc3 Bf6 18. Bxf6 Nxf6 19. Rad1 Qb7 20. h3 h6 21. Qe3 Qc7 22. Qf3 e5 23. Nc5 Rd4 24. Rxd4 exd4 25. Nd3 Re8 26. c5 Nd5 27. Qg4 Nc3 28. Kh1 Qd8 29. Qf3 Qd5 30. Qxd5 Nxd5 31. Re1 Rxe1+ 32. Nxe1 Nb4 33. a3 d3 34. Nf3 Nc2 35. a4 Nd4 36. Nd2 a5 37. Kh2 Ne6 38. Kg3 Nxc5 39. Kf3 Kf8 40. Ke3 Ke7 41. Kd4 Ne6+ 42. Kxd3 Nf4+ 43. Ke4 Nxg2 44. Nc4 Ne1 45. Nxa5 Kd6 46. Nc4+ Kc5 47. a5 Kb5 48. Ke5 Nd3+ 49. Kd6 Nc5 50. Na3+ Kb4 51. Nc2+ Kb5 52. Nd4+ Kb4 53. Nxc6+ Kb5 54. b4 Ne4+ 55. Kc7 Ka6 56. Nb8+ Ka7 57. b5 Nc5 58. b6+ Ka8 59. a6 1-0

[Event "UK Blitz Championship"]
[Site "Leamington"]
[Date "2025.11.22"]
[Round "7.7"]
[White "Gasanov, Eldar"]
[Black "Vijayakumar, Rishi"]
[Result "1-0"]
[WhiteElo "2425"]
[BlackElo "2399"]
[PlyCount "109"]
[EventDate "2025.11.22"]
[EventType "tourn (blitz)"]
[EventRounds "15"]
[EventCountry "GBR"]
[SourceTitle "BritBase"]
[Source "John Saunders"]
[SourceDate "2025.11.23"]
[SourceVersion "1"]
[SourceVersionDate "2025.11.23"]
[SourceQuality "1"]

1. d4 Nf6 2. c4 e6 3. Nf3 d5 4. Qc2 Nbd7 5. Bg5 h6 6. Bh4 Bb4+ 7. Nc3 g5 8. Bg3 Ne4 9. e3 c6 10. Bd3 Nxg3 11. hxg3 Qa5 12. cxd5 Bxc3+ 13. Qxc3 Qxc3+ 14. bxc3 cxd5 15. Nxg5 Nb6 16. Nf3 Bd7 17. Ne5 Rc8 18. Kd2 Ke7 19. Rhb1 Ba4 20. Rb4 Rc7 21. c4 dxc4 22. Nxc4 Nxc4+ 23. Rxc4 Rxc4 24. Bxc4 Bc6 25. f3 Rd8 26. Rh1 e5 27. Rxh6 exd4 28. e4 Be8 29. e5 Rc8 30. Kd3 b5 31. Bb3 a5 32. Kxd4 a4 33. Bd5 Rc2 34. e6 Rd2+ 35. Kc5 fxe6 36. Rxe6+ Kf8 37. Rb6 Rxg2 38. g4 Rc2+ 39. Kd6 Rd2 40. Rb8 a3 41. g5 Rg2 42. f4 Rg4 43. Bc6 Rxf4 44. Rxe8+ Kf7 45. Ra8 b4 46. Bd5+ Kg6 47. Rg8+ Kh7 48. Rb8 Kg6 49. Kc5 Kxg5 50. Rxb4 Rf2 51. Ra4 Kf6 52. Rxa3 Ke7 53. Ra7+ Kd8 54. Kd6 Ke8 55. Ra8# 1-0

[Event "UK Blitz Championship"]
[Site "Leamington"]
[Date "2025.11.22"]
[Round "7.8"]
[White "Maroroa Jones, Gawain C B"]
[Black "Collins, Adam"]
[Result "1-0"]
[WhiteElo "2663"]
[BlackElo "2271"]
[PlyCount "163"]
[EventDate "2025.11.22"]
[EventType "tourn (blitz)"]
[EventRounds "15"]
[EventCountry "GBR"]
[SourceTitle "BritBase"]
[Source "John Saunders"]
[SourceDate "2025.11.23"]
[SourceVersion "1"]
[SourceVersionDate "2025.11.23"]
[SourceQuality "1"]

1. Nf3 d5 2. g3 Nf6 3. Bg2 e6 4. O-O Be7 5. c4 O-O 6. b3 c5 7. cxd5 Nxd5 8. Bb2 Nc6 9. d4 cxd4 10. Nxd4 Nxd4 11. Qxd4 Bf6 12. Qd2 Nf4 13. gxf4 Qxd2 14. Nxd2 Bxb2 15. Rad1 Rb8 16. Ne4 Ba3 17. Rd4 b5 18. b4 Bb7 19. Rb1 Bxe4 20. Bxe4 Rfd8 21. Rd3 Rxd3 22. Bxd3 Rc8 23. Rb3 Bc1 24. e3 a6 25. Kf1 Bd2 26. Ke2 Bc3 27. Be4 Bf6 28. Kf3 Rd8 29. Bb7 Rd6 30. Rb1 g6 31. Rc1 Rb6 32. Rc8+ Kg7 33. Bc6 Bc3 34. Be8 Bxb4 35. Rc7 Kf8 36. Bxf7 Be7 37. Bg8 Kxg8 38. Rxe7 Rc6 39. Ra7 b4 40. Ke4 Rc2 41. Rxa6 Rxf2 42. Ke5 Kg7 43. h4 Re2 44. e4 h5 45. Ra4 Rb2 46. Kxe6 Rf2 47. Ke5 Rh2 48. f5 gxf5 49. Kxf5 Rxh4 50. Rxb4 Rh2 51. Rb7+ Kh6 52. Rb6+ Kg7 53. Ra6 h4 54. Ra7+ Kf8 55. e5 Rb2 56. Kf6 Rf2+ 57. Ke6 h3 58. a4 h2 59. Rh7 Ra2 60. Kf6 Rf2+ 61. Ke6 Ra2 62. a5 Kg8 63. Rh3 Kg7 64. Rh4 Kg6 65. Rh8 Kg5 66. Kd6 Rd2+ 67. Ke7 Rd5 68. e6 Rxa5 69. Rxh2 Ra7+ 70. Kd6 Ra6+ 71. Ke5 Ra5+ 72. Kd6 Ra6+ 73. Kd7 Ra7+ 74. Kd8 Ra8+ 75. Ke7 Ra7+ 76. Ke8 Ra8+ 77. Kf7 Ra3 78. e7 Rf3+ 79. Ke8 Kf6 80. Re2 Ra3 81. Kf8 Rh3 82. Rf2+ 1-0

[Event "UK Blitz Championship"]
[Site "Leamington"]
[Date "2025.11.22"]
[Round "8.1"]
[White "D'Costa, Lorin AR"]
[Black "Collins, Adam"]
[Result "1-0"]
[WhiteElo "2349"]
[BlackElo "2271"]
[PlyCount "91"]
[EventDate "2025.11.22"]
[EventType "tourn (blitz)"]
[EventRounds "15"]
[EventCountry "GBR"]
[SourceTitle "BritBase"]
[Source "John Saunders"]
[SourceDate "2025.11.23"]
[SourceVersion "1"]
[SourceVersionDate "2025.11.23"]
[SourceQuality "1"]

1. Nf3 d5 2. e3 Nf6 3. c4 e6 4. b3 Nc6 5. Bb2 Bd6 6. Nc3 O-O 7. d4 dxc4 8. Bxc4 e5 9. h3 Qe7 10. dxe5 Nxe5 11. Nxe5 Qxe5 12. Qc1 Bf5 13. Nd5 Qe4 14. Nxf6+ gxf6 15. O-O Qe7 16. Qd1 Kh8 17. Qf3 Be5 18. Qxf5 Rg8 19. Bxe5 fxe5 20. Rad1 Rg5 21. Qxf7 Qxf7 22. Bxf7 Rf8 23. Bc4 c6 24. a4 e4 25. Rd7 b5 26. axb5 cxb5 27. Bd5 Re5 28. Rc1 a5 29. Rcc7 Rh5 30. Bxe4 a4 31. bxa4 bxa4 32. Rxh7+ Rxh7 33. Rxh7+ Kg8 34. Ra7 Re8 35. Bd5+ Kh8 36. Rxa4 Rc8 37. g4 Rc5 38. e4 Rc3 39. Kg2 Rc7 40. g5 Ra7 41. Rd4 Re7 42. Kg3 Ra7 43. Kg4 Rh7 44. Rb4 Rc7 45. Rb8+ Kg7 46. Rb7 1-0